000 00284nam a22001337a 4500
008 170914b xxu||||| |||| 00| 0 eng d
020 _a014005636621
041 _aeng
080 _a7
100 _a44
101 _aART
245 _aPATCHWORK & QUILTING
_cHOMES,B
942 _2udc
_cBK
999 _c27676
_d27676